Theologie in Europa - Europa in der Theologie

Bibliographic Details
Other Authors: Larcher, Gerhard (Editor)
Format: Book
Language:German
PhysicalDescription:180 s. 24 cm
Published: Graz Styria c2002
ISBN:3222131279
Edition:[1. Aufl.]
Series:Theologie im kulturellen Dialog
Subjects:

MARC

LEADER 00000cam a2200000 a 4500
001 vtls001483479
003 SK-MaSNL
005 20260301122253.0
008 160114s2002 au f n 10000 ger
015 |a SNBZSA2005-00201 
020 |a 3222131279 
035 |a SNK000438773 
035 |a urn:nbn:sk:snk-amk44b 
035 |a urn:nbn:sk:snk-am0056ch 
035 |a 6CEC79A7-F544-48A4-B87C-EFC1AA615240 
040 |a SNK  |b slo  |c SNK  |e AACR2 
041 0 |a ger 
044 |a au  |c AT 
072 7 |a 27-1/-2  |x Kresťanská teológia. Dogmatická teológia  |2 konspekt 
072 7 |a 316  |x Sociológia  |2 konspekt 
080 |a 27-1/-2(080)  |2 snkbuxs 
080 |a 272/273(4):316.642.3  |2 snkbuxs 
245 0 0 |a Theologie in Europa - Europa in der Theologie  |c Gerhard Larcher (Hg.) 
250 |a [1. Aufl.] 
260 |a Graz  |b Styria  |c c2002 
300 |a 180 s.  |c 24 cm 
490 1 |a Theologie im kulturellen Dialog  |v Bd. 10 
500 |a Zoz. aut. 
504 |a Bibliogr. 
650 0 7 |a katolícka teológia  |2 SNKPH  |9 4021 
650 0 7 |a európska integrácia  |2 SNKPH  |9 2140 
655 7 |a zborníky  |2 SNKPH  |9 70165 
700 1 |a Larcher, Gerhard  |4 edt  |9 467578 
830 0 |a Theologie im kulturellen Dialog  |9 467579 
919 |a 3-222-13127-9 
999 |c 732324  |d 734254 
952 |t P60, <03>, [BOOK], {603}, -A-  |a SNK  |b SNK  |y PREZ  |7 0  |p 17A0453493  |o snkSC 118429  |i snkV 1710/2004  |8 2  |g 23.90  |0 0  |1 0  |4 0  |d 2004-10-13  |f 1  |l 0  |r 2025-10-07 00:00:00  |w 2026-02-23